Rock Albums #2 - Statistics

General Stats
  • This quiz has been taken 58 times
  • The average score is 13 of 30
Answer Stats
Album Band % Correct
Master of Puppets Metallica
96%
A Hard Day's Night The Beatles
77%
Houses of the Holy Led Zeppelin
73%
Let There Be Rock AC/DC
71%
Exile on Main St. The Rolling Stones
71%
Use Your Illusion I Guns N' Roses
65%
1984 Van Halen
62%
Electric Layland The Jimi Hendrix Experience
60%
How to Dismantle an Atomic Bomb U2
58%
Machine Head Deep Purple
52%
Definitely Maybe Oasis
52%
Eliminator ZZ Top
46%
Hybrid Theory Linkin Park
44%
Strange Days The Doors
44%
Love at First Sting Scorpions
42%
Cowboys from Hell Pantera
40%
Stadium Arcadium Red Hot Chili Peppers
40%
The Colour and the Shape Foo Fighters
38%
Screaming for Vengeance Judas Priest
37%
Dirt Alice In Chains
35%
Parallel Lines Blondie
35%
A Rush of Blood to the Head Coldplay
35%
Get a Grip Aerosmith
31%
Slide It In Whitesnake
25%
Disintegration The Cure
19%
Flesh and Blood Poison
17%
Americana The Offspring
17%
Favourite Worst Nightmare Arctic Monkeys
10%
Night Visions Imagine Dragons
10%
Only by the Night Kings of Leon
8%
No matching quizzes found
Score Distribution
Percent of People with Each Score
Percentile by Number Answered
Your Score History
You have not taken this quiz